| 000 | 00899cam a2200253 a 4500 | ||
|---|---|---|---|
| 001 | 1580130 | ||
| 005 | 20160114101215.0 | ||
| 008 | 930908s1994 nyu 001 0 eng | ||
| 010 | _a 93034704 | ||
| 020 |
_a0879758678 (acidfree paper) : _c$32.95 |
||
| 040 |
_aDLC _cDLC _dDLC |
||
| 050 | 0 | 0 |
_aBL2747 _b.B4 1994 |
| 082 | 0 | 0 |
_a149/.7 _220 |
| 245 | 0 | 0 |
_aBe reasonable : _bselected quotations for inquiring minds / _c[edited by] Laird Wilcox & John George. |
| 260 |
_aBuffalo, N.Y. : _bPrometheus Books, _c1994. |
||
| 300 |
_a361 p. ; _c25 cm. |
||
| 500 | _aIncludes index. | ||
| 650 | 0 |
_aRationalism _xQuotations, maxims, etc. |
|
| 700 | 1 | _aWilcox, Laird M. | |
| 700 | 1 | _aGeorge, John H. | |
| 906 |
_a7 _bcbc _corignew _d1 _eocip _f19 _gy-gencatlg |
||
| 942 |
_2lcc _cSH_L_BOOKS |
||
| 999 |
_c11002 _d11002 |
||